000 00454nam a2200145Ia 4500
008 230917s9999||||xx |||||||||||||| ||und||
040 _e189130
_aMAIN
041 _aEnglish
082 _a330.122 H251C
100 _aHart, Stuart L
245 0 _aCapitalism at the crossroads: The unlimited business opportunities in solving the world's most difficult problems
260 _aNew Delhi
_bPearson Education
_c2005
300 _axliii, 241 p.
942 _cBK
999 _c140109
_d140109